[Event "LTU-ch sf"]
[Site "Kaunas"]
[Date "2024.03.07"]
[Round "3"]
[White "Praspaliauskas, Matas"]
[Black "Sakinis, Rokas"]
[Result "1/2-1/2"]
[WhiteElo "1767"]
[BlackElo "1605"]
[PlyCount "113"]
[EventDate "2024.03.06"]
[EventType "swiss"]
[EventRounds "8"]
[EventCountry "LTU"]
[SourceTitle "CB11_2024"]
[SourceDate "2024.03.13"]
[SourceVersion "1"]
[SourceVersionDate "2024.03.13"]
[SourceQuality "1"]

1. e4 c5 2. c3 d5 3. exd5 Qxd5 4. d4 Nc6 5. Nf3 Nf6 6. Be2 Bg4 7. Be3 cxd4 8. cxd4 e6 9. 0-0 Be7 10. Nc3 Qd7 11. h3 Bh5 12. Ne5 Bxe2 13. Qxe2 Nxe5 14. dxe5 Nd5 15. Nxd5 Qxd5 16. Bf4 0-0 17. Rfd1 Qc6 18. Rac1 Qb6 19. Rd7 Bc5 20. Qf3 Rab8 21. Bg5 h6 22. Bh4 Qb4 23. Bg3 b6 24. b3 a5 25. Rcd1 a4 26. Bf4 axb3 27. axb3 Ra8 28. Bd2 Qb5 29. Bc1 Ra2 30. R7d2 Rxd2 31. Rxd2 Bb4 32. Re2 Rd8 33. Kh2 Bc3 34. Bf4 Qxb3 35. Re3 Rc8 36. Qb7 Qc4 37. Bg3 b5 38. Rf3 Rc7 39. Qa8+ Rc8 40. Qb7 Rf8 41. Qa6 Qc5 42. Qd6 Qxd6 43. exd6 b4 44. d7 e5 45. Rd3 Rd8 46. f3 Bd4 47. Kh1 f6 48. Be1 Rxd7 49. Bxb4 Rb7 50. Ba3 h5 51. Kh2 Rb1 52. Kg3 g5 53. h4 Rh1 54. hxg5 fxg5 55. Be7 Kf7 56. Bxg5 Kg6 57. Be3 1/2-1/2

[Event "Taujenai-ch rapid"]
[Site "Taujenai"]
[Date "2023.10.28"]
[Round "1"]
[White "Praspaliauskas, Matas"]
[Black "Jegorovas, Aleksandras"]
[Result "0-1"]
[WhiteElo "1507"]
[BlackElo "2225"]
[PlyCount "74"]
[EventDate "2023.10.28"]
[EventType "swiss (rapid)"]
[EventRounds "10"]
[EventCountry "LTU"]
[SourceTitle "Mega2024 Update 01"]
[Source "Chessbase"]
[SourceDate "2023.11.12"]
[SourceVersion "1"]
[SourceVersionDate "2023.11.12"]
[SourceQuality "1"]

1. e4 e6 2. d4 d5 3. exd5 exd5 4. Bd3 c5 5. c3 Nc6 6. Nf3 Bd6 7. 0-0 Nge7 8. h3 0-0 9. Be3 c4 10. Bc2 Bf5 11. Re1 Qd7 12. Nbd2 Rae8 13. b3 b5 14. b4 a5 15. bxa5 Ra8 16. a4 b4 17. cxb4 Nxb4 18. Bxf5 Qxf5 19. g4 Qd3 20. Re2 f5 21. Ne5 Bxe5 22. dxe5 d4 23. Bg5 Ned5 24. Nf1 Qxd1 25. Rxd1 Nc3 26. Red2 Nxd1 27. Rxd1 d3 28. Be7 Nc6 29. Bxf8 Kxf8 30. Ne3 Nxa5 31. gxf5 Re8 32. e6 g6 33. Rc1 gxf5 34. Nxf5 Rxe6 35. Ne3 d2 36. Rd1 Rxe3 37. fxe3 c3 0-1

[Event "Plateliai Plunge op-A 42nd"]
[Site "Plateliai"]
[Date "2023.07.20"]
[Round "5"]
[White "Praspaliauskas, Matas"]
[Black "Dudnikas, Motiejus"]
[Result "1/2-1/2"]
[WhiteElo "1554"]
[BlackElo "1518"]
[PlyCount "66"]
[EventDate "2023.07.17"]
[EventType "swiss"]
[EventRounds "9"]
[EventCountry "LTU"]
[SourceTitle "CBM 215 Extra"]
[Source "ChessBase"]
[SourceDate "2023.09.30"]
[SourceVersion "1"]
[SourceVersionDate "2023.09.30"]
[SourceQuality "1"]

1. e4 d5 2. exd5 Qxd5 3. Nc3 Qd6 4. Nf3 Bg4 5. h3 Bh5 6. Be2 Nf6 7. d4 a6 8. Be3 e6 9. Qd2 Nc6 10. 0-0-0 0-0-0 11. Bf4 Qd7 12. g4 Bg6 13. a3 Nd5 14. Ne5 Nxe5 15. dxe5 Bc5 16. Bg3 Qe7 17. Nxd5 Rxd5 18. Qc3 Be4 19. f3 Rxd1+ 20. Rxd1 Bc6 21. b4 Bb6 22. Bxa6 Kb8 23. Be2 h5 24. h4 hxg4 25. fxg4 Rc8 26. Bf3 Bxf3 27. Qxf3 c5 28. Qd3 Rd8 29. Qb5 Rd4 30. Rd3 Rxd3 31. Qxd3 cxb4 32. axb4 Kc7 33. h5 Be3+ 1/2-1/2

[Event "LTU-ch sf"]
[Site "Vilnius"]
[Date "2023.04.14"]
[Round "6"]
[White "Kusner, Michail"]
[Black "Praspaliauskas, Matas"]
[Result "0-1"]
[WhiteElo "1689"]
[BlackElo "1416"]
[PlyCount "70"]
[EventDate "2023.04.11"]
[EventType "swiss"]
[EventRounds "9"]
[EventCountry "LTU"]
[SourceTitle "CBM 213 Extra"]
[Source "ChessBase"]
[SourceDate "2023.05.31"]
[SourceVersion "1"]
[SourceVersionDate "2023.05.31"]
[SourceQuality "1"]

1. e4 e5 2. Nf3 Nc6 3. Bc4 Bc5 4. d3 Nf6 5. Nc3 d6 6. Bg5 h6 7. Bxf6 Qxf6 8. Nd5 Qd8 9. c3 0-0 10. b4 Bb6 11. a4 a5 12. Nxb6 cxb6 13. Qb3 axb4 14. cxb4 Bg4 15. Ng1 Nd4 16. Qb2 b5 17. Bxb5 Nxb5 18. axb5 Qb6 19. h3 Be6 20. Nf3 Qxb5 21. Ke2 Rfc8 22. Rhb1 Ra4 23. Ne1 Rca8 24. Nc2 Qc6 25. Na3 Rxa3 26. Rxa3 Rxa3 27. Qxa3 Qc2+ 28. Ke3 Qxb1 29. Qa8+ Kh7 30. Qxb7 Qe1+ 31. Kf3 Qd2 32. Qb5 h5 33. g3 Bxh3 34. Qd5 Qd1+ 35. Ke3 Bf1 0-1

[Event "LTU-ch sf"]
[Site "Vilnius"]
[Date "2023.04.13"]
[Round "4"]
[White "Alionyte, Patricija"]
[Black "Praspaliauskas, Matas"]
[Result "1/2-1/2"]
[WhiteElo "1311"]
[BlackElo "1416"]
[PlyCount "91"]
[EventDate "2023.04.11"]
[EventType "swiss"]
[EventRounds "9"]
[EventCountry "LTU"]
[SourceTitle "CBM 213 Extra"]
[Source "ChessBase"]
[SourceDate "2023.05.31"]
[SourceVersion "1"]
[SourceVersionDate "2023.05.31"]
[SourceQuality "1"]

1. e4 e5 2. Nf3 Nc6 3. Nc3 Nf6 4. Bb5 d6 5. d4 exd4 6. Nxd4 Bd7 7. 0-0 Be7 8. Re1 0-0 9. Bf4 a6 10. Nxc6 Bxc6 11. Bxc6 bxc6 12. e5 dxe5 13. Bxe5 Bd6 14. h3 Re8 15. Bxd6 Rxe1+ 16. Qxe1 cxd6 17. Qe2 Qb6 18. b3 h6 19. Qd3 d5 20. Rd1 Re8 21. Kf1 Nd7 22. Re1 Rxe1+ 23. Kxe1 Nc5 24. Qd4 Nd7 25. Qxb6 Nxb6 26. Kd2 Kf8 27. Kd3 Ke7 28. Ne2 Kd6 29. f4 g6 30. a4 Nd7 31. b4 Nf6 32. Kd4 Ne4 33. c4 c5+ 34. bxc5+ Nxc5 35. Nc3 Ne6+ 36. Kd3 Nxf4+ 37. Kd4 Nxg2 38. Nxd5 g5 39. c5+ Kd7 40. Nf6+ Kc6 41. Ng4 Nf4 42. Ne5+ Kc7 43. Nxf7 Nxh3 44. Nxh6 Nf4 45. Ng4 Ne2+ 46. Kd3 1/2-1/2

[Event "LTU-ch Rapid"]
[Site "Taujenai"]
[Date "2022.12.03"]
[Round "3"]
[White "Posaskov, Nikita"]
[Black "Praspaliauskas, Matas"]
[Result "1-0"]
[WhiteElo "1919"]
[BlackElo "1560"]
[PlyCount "73"]
[EventDate "2022.12.03"]
[EventType "swiss (rapid)"]
[EventRounds "10"]
[EventCountry "LTU"]
[SourceTitle "CBM 211 Extra"]
[Source "ChessBase"]
[SourceDate "2023.01.31"]
[SourceVersion "1"]
[SourceVersionDate "2023.01.31"]
[SourceQuality "1"]

1. d4 d5 2. c4 e6 3. Nc3 Nf6 4. cxd5 Nxd5 5. e4 Nb6 6. Nf3 Be7 7. Bd3 0-0 8. 0-0 Nc6 9. Be3 Bf6 10. e5 Be7 11. Bc2 Nb4 12. Bb1 N4d5 13. Qd3 f5 14. exf6 Nxf6 15. Bg5 g6 16. Ne5 Qe8 17. Bh6 Rf7 18. Nxf7 Qxf7 19. Bc2 Nbd5 20. a3 c6 21. Rae1 Bd6 22. h3 Bd7 23. Ne4 Nxe4 24. Qxe4 c5 25. dxc5 Bxc5 26. Bb3 Re8 27. Ba4 b5 28. Bb3 a5 29. Qe5 b4 30. axb4 Bxb4 31. Rc1 Bb5 32. Bc4 Bc6 33. Be2 Bd7 34. Bf3 Bb5 35. Rfd1 Be7 36. Bxd5 exd5 37. Qxd5 1-0

[Event "Plunge op-B 41st"]
[Site "Plateliai"]
[Date "2022.07.19"]
[Round "2"]
[White "Mikolavicius, Marius"]
[Black "Praspaliauskas, Matas"]
[Result "0-1"]
[WhiteElo "1172"]
[BlackElo "1366"]
[PlyCount "88"]
[EventDate "2022.07.18"]
[EventType "swiss"]
[EventRounds "9"]
[EventCountry "LTU"]
[SourceTitle "CBM 209 Extra"]
[Source "ChessBase"]
[SourceDate "2022.09.30"]
[SourceVersion "1"]
[SourceVersionDate "2022.09.30"]
[SourceQuality "1"]

1. e4 e5 2. Nc3 Nf6 3. f4 d6 4. Nf3 Nc6 5. Bb5 Bd7 6. d3 Nd4 7. Bxd7+ Nxd7 8. 0-0 Nxf3+ 9. Qxf3 Be7 10. f5 0-0 11. Qg4 Nf6 12. Qg3 Kh8 13. Rf3 c6 14. Be3 Qc7 15. Rd1 d5 16. Bc1 Rad8 17. Rff1 Bc5+ 18. Kh1 Bb4 19. Bd2 dxe4 20. Nxe4 Nxe4 21. dxe4 Rxd2 22. Rxd2 Bxd2 23. f6 gxf6 24. Qf2 Bg5 25. h4 Bh6 26. Qxf6+ Bg7 27. Qg5 h6 28. Qh5 Qd7 29. g4 Qe6 30. b3 Qg6 31. Qxg6 fxg6 32. Rxf8+ Bxf8 33. Kg2 h5 34. g5 Kg7 35. Kf3 Kf7 36. Ke3 Bc5+ 37. Ke2 Bd4 38. c4 b5 39. cxb5 cxb5 40. a4 bxa4 41. bxa4 Ke7 42. a5 Kd6 43. a6 Kc6 44. Kf3 Kb6 0-1

[Event "Plunge op-B 41st"]
[Site "Plateliai"]
[Date "2022.07.19"]
[Round "3"]
[White "Praspaliauskas, Matas"]
[Black "Jasas, Ignas"]
[Result "1/2-1/2"]
[WhiteElo "1366"]
[BlackElo "1250"]
[PlyCount "68"]
[EventDate "2022.07.18"]
[EventType "swiss"]
[EventRounds "9"]
[EventCountry "LTU"]
[SourceTitle "CBM 209 Extra"]
[Source "ChessBase"]
[SourceDate "2022.09.30"]
[SourceVersion "1"]
[SourceVersionDate "2022.09.30"]
[SourceQuality "1"]

1. e4 c5 2. c3 d5 3. exd5 Qxd5 4. Nf3 Nc6 5. d4 Bg4 6. Be2 Nf6 7. 0-0 e6 8. Be3 cxd4 9. Nxd4 Bxe2 10. Qxe2 Bc5 11. Nxc6 Qxc6 12. Bxc5 Qxc5 13. Nd2 0-0 14. Nb3 Qb6 15. Rfd1 Rfd8 16. Rxd8+ Rxd8 17. Rd1 h6 18. h3 Rxd1+ 19. Qxd1 a5 20. Qd4 Qc7 21. Qc5 Qxc5 22. Nxc5 b6 23. Na4 Nd7 24. c4 Kf8 25. Kf1 Ke7 26. Ke2 Kd6 27. b3 Kc6 28. Nc3 f5 29. f4 Kc5 30. Nb5 Kc6 31. Ke3 Nc5 32. Nc3 Kd7 33. Kd4 Kd6 34. Nb5+ Kd7 1/2-1/2

[Event "LTU-ch U16"]
[Site "Kaunas"]
[Date "2022.02.19"]
[Round "7"]
[White "Juskaitis, Skomantas"]
[Black "Praspaliauskas, Matas"]
[Result "1/2-1/2"]
[WhiteElo "1249"]
[BlackElo "1372"]
[PlyCount "33"]
[EventDate "2022.02.16"]
[EventType "swiss"]
[EventRounds "8"]
[EventCountry "LTU"]
[SourceTitle "CBM 207 Extra"]
[Source "ChessBase"]
[SourceDate "2022.05.31"]
[SourceVersion "1"]
[SourceVersionDate "2022.05.31"]
[SourceQuality "1"]

1. d4 Nf6 2. c4 d6 3. Nc3 Nbd7 4. e4 g6 5. Nf3 Bg7 6. Bd3 0-0 7. 0-0 c5 8. d5 a6 9. Bd2 Ng4 10. Qc1 Nge5 11. Nxe5 Nxe5 12. Be2 Bd7 13. Bh6 Rb8 14. Bxg7 Kxg7 15. a4 f6 16. f4 Nf7 17. b3 1/2-1/2

[Event "LTU-ch U16"]
[Site "Kaunas"]
[Date "2022.02.18"]
[Round "5"]
[White "Balciunas, Kernius"]
[Black "Praspaliauskas, Matas"]
[Result "0-1"]
[WhiteElo "1054"]
[BlackElo "1372"]
[PlyCount "58"]
[EventDate "2022.02.16"]
[EventType "swiss"]
[EventRounds "8"]
[EventCountry "LTU"]
[SourceTitle "CBM 207 Extra"]
[Source "ChessBase"]
[SourceDate "2022.05.31"]
[SourceVersion "1"]
[SourceVersionDate "2022.05.31"]
[SourceQuality "1"]

1. e4 e5 2. Nf3 Nc6 3. Nc3 Nf6 4. Bb5 d6 5. 0-0 Be7 6. h3 0-0 7. Bxc6 bxc6 8. d3 Bb7 9. Be3 d5 10. Bg5 h6 11. Bd2 Bd6 12. a3 Re8 13. Re1 Rb8 14. Rb1 Nh7 15. Nh2 Nf8 16. Qg4 Re6 17. f4 exf4 18. Bxf4 Rg6 19. Qf3 Bc5+ 20. Kh1 Ne6 21. Na4 Nxf4 22. Nxc5 Nxg2 23. Rf1 Qe7 24. Nxb7 Rxb7 25. exd5 cxd5 26. Qxd5 Rbb6 27. Qa8+ Kh7 28. Qxa7 Qe2 29. Qxc7 Ne1 0-1

[Event "LTU-ch U16"]
[Site "Kaunas"]
[Date "2022.02.16"]
[Round "1"]
[White "Praspaliauskas, Matas"]
[Black "Rudzkis, Vilius"]
[Result "0-1"]
[WhiteElo "1372"]
[BlackElo "1872"]
[PlyCount "76"]
[EventDate "2022.02.16"]
[EventType "swiss"]
[EventRounds "8"]
[EventCountry "LTU"]
[SourceTitle "CBM 207 Extra"]
[Source "ChessBase"]
[SourceDate "2022.05.31"]
[SourceVersion "1"]
[SourceVersionDate "2022.05.31"]
[SourceQuality "1"]

1. e4 c5 2. c3 d5 3. exd5 Qxd5 4. d4 Nc6 5. Nf3 cxd4 6. cxd4 e5 7. Nc3 Bb4 8. Bd2 Bxc3 9. Bxc3 e4 10. Ne5 Nxe5 11. dxe5 Ne7 12. Qxd5 Nxd5 13. Bb5+ Bd7 14. Bxd7+ Kxd7 15. 0-0-0 Ke6 16. Rd4 Rac8 17. Rxe4 Nxc3 18. bxc3 Rxc3+ 19. Kb2 Rhc8 20. Re2 a5 21. Rd1 a4 22. Rd6+ Ke7 23. a3 Rb3+ 24. Ka2 Rcc3 25. Rb2 Rxa3+ 26. Kb1 Rab3 27. Rb6 Rxb6 28. Rxb6 Rb3+ 29. Rxb3 axb3 30. Kb2 Ke6 31. f4 Kf5 32. g3 g5 33. fxg5 Kxe5 34. Kxb3 Kf5 35. h3 Kxg5 36. Kb4 h5 37. Kb5 h4 38. g4 Kf4 0-1

[Event "EU Union-ch U12 17th"]
[Site "Mureck"]
[Date "2019.08.08"]
[Round "9"]
[White "Praspaliauskas, Matas"]
[Black "Ciarletta, Ulysse"]
[Result "0-1"]
[WhiteElo "1107"]
[BlackElo "1682"]
[PlyCount "102"]
[EventDate "2019.07.31"]
[EventType "swiss"]
[EventRounds "9"]
[EventCountry "AUT"]
[SourceTitle "EXT 2020"]
[Source "ChessBase"]
[SourceDate "2019.10.17"]
[SourceVersion "1"]
[SourceVersionDate "2019.10.17"]
[SourceQuality "1"]

1. e4 e6 2. d4 d5 3. exd5 exd5 4. Bd3 c5 5. dxc5 Bxc5 6. Qf3 Nc6 7. Bd2 h6 8. Nc3 Nf6 9. Nge2 Bg4 10. Qg3 h5 11. h3 h4 12. Qh2 Bxe2 13. Nxe2 Qb6 14. 0-0 Nh5 15. Nf4 Ng3 16. Nxd5 Nxf1 17. Rxf1 Qd8 18. Nc7+ Kf8 19. Nxa8 Qxa8 20. Qc7 Qb8 21. Qd7 Ne5 22. Qd5 Nxd3 23. cxd3 Be7 24. Bc3 Rh6 25. Re1 Qc7 26. Qd4 f6 27. Qxa7 Rg6 28. Qe3 Qc5 29. d4 Qd6 30. a3 Qd7 31. Qe4 f5 32. Qe3 Bd6 33. Qf3 Qf7 34. Bb4 Bxb4 35. axb4 Re6 36. Rxe6 Qxe6 37. b5 g6 38. Qe3 Kf7 39. b3 Kf6 40. Qc3 Qd5 41. Qc4 Qe4 42. Kf1 Qb1+ 43. Ke2 Qe4+ 44. Kf1 Qb1+ 45. Ke2 Qe4+ 46. Kd2 Qxg2 47. Qe2 Qd5 48. Qd3 g5 49. Kc3 g4 50. hxg4 fxg4 51. Kc2 Qf5 0-1

[Event "EU Union-ch U12 17th"]
[Site "Mureck"]
[Date "2019.08.06"]
[Round "7"]
[White "Praspaliauskas, Matas"]
[Black "Komora, Matej"]
[Result "1-0"]
[WhiteElo "1107"]
[BlackElo "1237"]
[PlyCount "127"]
[EventDate "2019.07.31"]
[EventType "swiss"]
[EventRounds "9"]
[EventCountry "AUT"]
[SourceTitle "EXT 2020"]
[Source "ChessBase"]
[SourceDate "2019.10.17"]
[SourceVersion "1"]
[SourceVersionDate "2019.10.17"]
[SourceQuality "1"]

1. e4 c5 2. Nc3 Nc6 3. g3 e6 4. Bg2 g6 5. d3 Bg7 6. f4 Nge7 7. Be3 Bd4 8. Qf3 Bxe3 9. Qxe3 Nd4 10. Qf2 Qb6 11. Rb1 Qa5 12. a3 a6 13. Nf3 Nec6 14. 0-0 Nxf3+ 15. Bxf3 Nd4 16. Bg2 Qd8 17. Ne2 Nxe2+ 18. Qxe2 0-0 19. Qe3 b6 20. e5 Rb8 21. d4 Qc7 22. dxc5 Qxc5 23. Qxc5 bxc5 24. b3 Bb7 25. Rfd1 Bxg2 26. Kxg2 Rb7 27. Rd6 Ra8 28. Rbd1 Raa7 29. R1d3 Kf8 30. Kf2 Ke8 31. Ke2 a5 32. a4 c4 33. Rc3 cxb3 34. cxb3 Rc7 35. Rdd3 Kd8 36. Kd2 Ra6 37. Rxc7 Kxc7 38. Rc3+ Rc6 39. Kd3 Kb6 40. Rc4 d5 41. exd6 Rxd6+ 42. Rd4 Rxd4+ 43. Kxd4 f6 44. Kc4 e5 45. fxe5 fxe5 46. Kd5 g5 47. g4 h6 48. h3 e4 49. Kxe4 Kc5 50. Kd3 Kd5 51. Kc3 Ke4 52. b4 axb4+ 53. Kxb4 Kf3 54. a5 Kg3 55. a6 Kxh3 56. a7 Kxg4 57. a8Q h5 58. Qg2+ Kf4 59. Kc3 g4 60. Qh2+ Kg5 61. Kd2 Kg6 62. Qh4 Kh6 63. Ke3 Kg6 64. Kf4 1-0

[Event "Plunge op-B 39th"]
[Site "Plateliai"]
[Date "2019.07.16"]
[Round "2"]
[White "Praspaliauskas, Matas"]
[Black "Griksaite, Ruta"]
[Result "1-0"]
[WhiteElo "1107"]
[BlackElo "1012"]
[PlyCount "75"]
[EventDate "2019.07.15"]
[EventType "swiss"]
[EventRounds "9"]
[EventCountry "LTU"]
[SourceTitle "EXT 2020"]
[Source "ChessBase"]
[SourceDate "2019.10.17"]
[SourceVersion "1"]
[SourceVersionDate "2019.10.17"]
[SourceQuality "1"]

1. e4 e5 2. Nf3 Nc6 3. Nc3 Bc5 4. Bc4 d6 5. d3 Be6 6. Bb3 Nf6 7. Bg5 h6 8. Bh4 Bg4 9. h3 Bh5 10. Nd5 g5 11. Bg3 Nxd5 12. Bxd5 Qd7 13. c3 Rf8 14. a4 a6 15. b4 Ba7 16. b5 axb5 17. axb5 Nd8 18. Qb3 Qc8 19. Bh2 Bc5 20. Rxa8 Qxa8 21. 0-0 g4 22. hxg4 Bxg4 23. Nh4 Rg8 24. Bg3 Qc8 25. Ra1 Bh3 26. gxh3 Qxh3 27. Bxf7+ Nxf7 28. Ra8+ Nd8 29. Qxg8+ Ke7 30. Qxd8+ Ke6 31. Qg8+ Ke7 32. Qg7+ Ke6 33. Qg8+ Ke7 34. Qf8+ Ke6 35. Qc8+ Ke7 36. Qxh3 Kf6 37. Qf5+ Ke7 38. Ng6# 1-0

[Event "Plunge op-B 38th"]
[Site "Plateliai"]
[Date "2018.07.22"]
[Round "9"]
[White "Griksaite, Leva"]
[Black "Praspaliauskas, Matas"]
[Result "1-0"]
[WhiteElo "1177"]
[BlackElo "1071"]
[PlyCount "99"]
[EventDate "2018.07.16"]
[EventType "swiss"]
[EventRounds "9"]
[EventCountry "LTU"]
[SourceTitle "EXT 2019"]
[Source "ChessBase"]
[SourceDate "2018.10.10"]
[SourceVersion "1"]
[SourceVersionDate "2018.10.10"]
[SourceQuality "1"]

1. e4 e5 2. Nf3 Nc6 3. Bc4 h6 4. d3 d6 5. 0-0 Nf6 6. Nc3 Bg4 7. Bb5 Be7 8. Qe2 0-0 9. Qe3 Nb4 10. Ba4 Nc6 11. a3 Bh5 12. Bxc6 bxc6 13. Nh4 Nxe4 14. Qxe4 Bxh4 15. Qxc6 Bg5 16. f4 exf4 17. Bxf4 Bxf4 18. Rxf4 Qb8 19. Qb5 Qxb5 20. Nxb5 Rab8 21. a4 Rb7 22. b3 Re8 23. Nc3 Re5 24. Ne4 Bg6 25. Ng3 f6 26. Raf1 Rc5 27. R1f2 c6 28. Rg4 Rg5 29. Rxg5 hxg5 30. Re2 Bf7 31. Nf5 d5 32. Ne7+ Kf8 33. Nxc6 Rc7 34. Nd4 a6 35. Kf2 Re7 36. Rxe7 Kxe7 37. Nf5+ Kf8 38. Ke3 g6 39. Nd6 Ke7 40. Nxf7 Kxf7 41. Kd4 Ke6 42. b4 Kd6 43. c4 dxc4 44. dxc4 Kc6 45. b5+ axb5 46. axb5+ Kd6 47. c5+ Kc7 48. Kd5 Kd7 49. c6+ Kc7 50. Ke6 1-0

[Event "Plunge City-ch"]
[Site "Plunge"]
[Date "2018.01.??"]
[Round "6.2"]
[White "Praspaliauskas, Matas"]
[Black "Maciuitis, Ignas"]
[Result "0-1"]
[WhiteElo "1045"]
[BlackElo "1706"]
[PlyCount "50"]
[EventDate "2018.01.21"]
[EventType "swiss"]
[EventRounds "7"]
[EventCountry "LTU"]
[SourceTitle "EXT 2024"]
[Source "ChessBase"]
[SourceDate "2023.10.10"]
[SourceVersion "1"]
[SourceVersionDate "2023.10.10"]
[SourceQuality "1"]

1. e4 b6 2. d4 Bb7 3. Nc3 e6 4. Nf3 Bb4 5. Bg5 f6 6. Bd2 Bxc3 7. Bxc3 Bxe4 8. g3 Ne7 9. Bg2 0-0 10. 0-0 Qc8 11. Re1 Qb7 12. Qe2 f5 13. Nh4 Bxg2 14. Nxg2 Nd5 15. Qe5 Nc6 16. Qe2 f4 17. Qg4 Rf6 18. Re4 Rg6 19. Qh4 Rh6 20. Qg4 Nf6 21. Qxf4 Nxe4 22. Qxe4 Rf8 23. Bb4 d5 24. Qe1 Nxd4 25. Qd2 Nf3+ 0-1

[Event "Plunge op 37th"]
[Site "Plateliai"]
[Date "2017.07.25"]
[Round "9"]
[White "Vaiciunas, Giedrius"]
[Black "Praspaliauskas, Matas"]
[Result "1/2-1/2"]
[WhiteElo "1148"]
[BlackElo "1019"]
[PlyCount "106"]
[EventDate "2017.07.17"]
[EventType "swiss"]
[EventRounds "9"]
[EventCountry "LTU"]
[SourceTitle "EXT 2019"]
[Source "ChessBase"]
[SourceDate "2018.10.10"]
[SourceVersion "1"]
[SourceVersionDate "2018.10.10"]
[SourceQuality "1"]

1. d4 d5 2. Nf3 Nf6 3. g3 Nc6 4. Bg2 Bg4 5. Bf4 e6 6. Nbd2 Bb4 7. c3 Ba5 8. 0-0 0-0 9. Qc2 Bf5 10. Qd1 h6 11. Ne5 Nxe5 12. Bxe5 Ne4 13. Nxe4 Bxe4 14. f3 Bg6 15. Bf4 Bb6 16. Qd2 Qf6 17. Be3 Rfe8 18. Bf2 Rad8 19. Rae1 e5 20. dxe5 Bxf2+ 21. Rxf2 Qxe5 22. Qd4 a6 23. Qxe5 Rxe5 24. Rd1 Re6 25. f4 Be4 26. Bxe4 Rxe4 27. Rd4 Rxd4 28. cxd4 Rd6 29. e3 Rc6 30. Kg2 f5 31. Kh3 Kf7 32. Kg2 Kg6 33. Kf3 Kf7 34. b4 Rb6 35. Rb2 a5 36. Rc2 axb4 37. Rxc7+ Kg6 38. Rc2 b3 39. axb3 Rxb3 40. Rc5 Rb2 41. Rxd5 Rxh2 42. Rb5 h5 43. Rxb7 h4 44. gxh4 Rh3+ 45. Ke2 Rxh4 46. Kd3 Kh6 47. Rb8 g5 48. fxg5+ Kxg5 49. d5 Kf6 50. Rb6+ Ke5 51. d6 f4 52. exf4+ Rxf4 53. Ke3 Rh4 1/2-1/2